Представление документа в формате MARC21

ПолеНазваниеЗначение
  Тип записи a
  Библиографический уровень m
001 Контрольный номер RU\infra-m\znanium\bibl\2235777
005 Дата корректировки 20260429142155.3
008 Кодируемые данные 260120s2025 RU g rus u
020 Индекс ISBN __
a ISBN 978-5-907394-49-0
040 Источник каталогиз. __
a Служба первич. каталог. Общество с ограниченной ответственностью «ЗНАНИУМ»
041 Код языка издания __
a Код языка текста rus
044 Код страны публикации __
a Код страны публикации RU
080 Индекс УДК __
a Индекс УДК 339
084 Индекс другой классификации/Индекс ББК __
2 Источник индекса rubbk
a Индекс другой классификации/Индекс ББК 6529
084 Индекс другой классификации/Индекс ББК __
2 Источник индекса okso
a Индекс другой классификации/Индекс ББК 38.03.02
084 Индекс другой классификации/Индекс ББК __
2 Источник индекса okso
a Индекс другой классификации/Индекс ББК 38.03.05
084 Индекс другой классификации/Индекс ББК __
2 Источник индекса okso
a Индекс другой классификации/Индекс ББК 38.03.06
100 Автор __
a Автор Ляшевский В.
q Полное имя Ляшевский Виктор
245 Заглавие __
a Заглавие Франшиза на 360: от покупки готовой до создания собственной
b Продолж. заглавия Практическое пособие
250 Сведения об издании __
a Основные сведения об издании 1
260 Выходные данные __
a Место издания Москва
b Издательство Альпина ПРО
c Дата издания 2026
300 Физическое описание __
a Объем 472 с.
520 Аннотация __
a Аннотация Если верить бесчисленным франшизам заполонившим рынок каждая из них сделает вас миллионером буквально за полгода-год. Однако по статистике реально работают только 25 % франшиз. Остальные либо не находят ни одного партнера либо закрываются толком не открывшись. Так как попасть в те самые 25 %? Что нужно знать перед запуском франшизы? Кто и как зарабатывает на франчайзинге? Как подобрать каналы продаж франшизы? Как помочь франчайзи запустить бизнес? Как защитить свои интересы и не отпугнуть франчайзи? Как выбрать франшизу с которой вы сможете заработать? На что обратить внимание заключая франчайзинговый договор? Это простая понятная и честная книга о франчайзинге в России написанная опытным экспертом-практиком доступно и увлекательно расскажет все что вам нужно знать если вы хотите купить/ продать франшизу или найти новые точки роста для вашего бизнеса. Для тех кто планирует продать франшизу этак книга станет подробным пошаговым алгоритмом с помощью которого вы сможете превратить свой бизнес в федеральную франшизную сеть. Если же вы хотите купить франшизу (и не разориться) книга поможет организовать выбор успешной и подходящей именно для вас франшизы и предложит методы разведки для будущих франчайзи. Все ответы здесь. А теперь в бой!
521 Примеч. о цел. назн. __
a Примеч. о целев. назн. Дополнительное профессиональное образование
650 Тематические рубрики __
a Основная рубрика Бизнес. Предпринимательство. Сервис
x Основная подрубрика Основы бизнеса
655 Указ. предметных рубрик (устаревшее) __
a Жанр/ форма (устаревшее) Практическое пособие
856 Электронный адрес документа 4_
a Имя сервера/домена znanium.ru
m Помощь ebs_support@infra-m.ru
n Местонахождение сервера НИЦ ИНФРА-М
u URL https://znanium.ru/catalog/document?id=473797
856 Электронный адрес документа 48
a Имя сервера/домена znanium.ru
d Путь /cover/2235
f Электронное имя 2235777.jpg
q Тип электронного формата image/jpeg
u URL https://znanium.ru/cover/2235/2235777.jpg
911 __
u 0030=https://znanium.ru/catalog/document?id=473797